000 01286nam a2200145Ia 4500
008 231221s9999 xx 000 0 und d
041 _aEnglish
082 _aCPEC17-1532
100 _aSushma Shankarappa. Sambasiva Rao, V.
245 0 _aWire monopole antenna for Low Earth Orbit Satellite Applications
260 _c2017
500 _a2nd International Conference on Circuits, Controls and Communications, RNSIT, Bengaluru, December 15-16, 2017 Wire monopole antenna for Low Earth Orbit Satellite Applications Sushma Shankarappa. Sambasiva Rao, V.
510 _aSatellite Based Automatic- Identification System (SB-AIS) is an innovative work in a VHF communication system for real time ship traffic surveillance. This is the most promising solution to overcome the limitation of terrestrial AIS full coverage with the potential to provide AIS detection service coverage in any given vicinity on earth. SB-AIS payload system comprises of receiver antenna, data storage units, signal and data processing units. In this paper a Face centered and Edge centered wire monopole antenna using coaxial feeding technique is designed and simulated using HFSSv.14 software, which can receive the AIS signals such as name, position, type, speed, destination etc. from the ship.
942 _cIR
999 _c234730
_d234730